[Event "Gyor op-B 5th"]
[Site "Gyor"]
[Date "2014.07.10"]
[Round "2"]
[White "Borhy, Gyorgy Szilard"]
[Black "Szalai, Krisztian"]
[Result "0-1"]
[WhiteElo "1527"]
[BlackElo "1707"]
[PlyCount "102"]
[EventDate "2014.07.09"]
[EventType "swiss"]
[EventRounds "9"]
[EventCountry "HUN"]
[SourceTitle "EXT 2016"]
[Source "ChessBase"]
[SourceDate "2015.10.08"]
[SourceVersion "1"]
[SourceVersionDate "2015.10.08"]
[SourceQuality "1"]

1. d4 Nf6 2. c4 e5 3. e3 exd4 4. Qxd4 Nc6 5. Qd1 Bb4+ 6. Bd2 Bxd2+ 7. Nxd2 d6 8. Ngf3 Bf5 9. a3 0-0 10. Be2 Re8 11. 0-0 Ng4 12. Qb3 Qc8 13. Rac1 b6 14. Qb5 Nce5 15. Qb3 c5 16. Rcd1 Qe6 17. Ng5 Qg6 18. e4 Qxg5 19. exf5 Qxf5 20. Nf3 Rad8 21. h3 Nf6 22. Nxe5 Rxe5 23. Bf3 Qe6 24. Qa4 Qe7 25. Qa6 d5 26. cxd5 Nxd5 27. Qb5 Nf6 28. Rb1 Ne4 29. Bxe4 Rxe4 30. a4 Qd7 31. Qxd7 Rxd7 32. Rfd1 Red4 33. Re1 Kf8 34. b3 Re7 35. Kf1 Ke8 36. Rb2 Rxe1+ 37. Kxe1 Kd7 38. Rd2 Kd6 39. Rxd4+ cxd4 40. Kd2 Kc5 41. Kd3 f5 42. g4 fxg4 43. hxg4 g6 44. g5 Kd5 45. b4 a6 46. f4 a5 47. bxa5 bxa5 48. Kd2 Ke4 49. Kc2 Ke3 50. Kd1 Kd3 51. Kc1 Ke2 0-1

[Event "Gyor op-B 5th"]
[Site "Gyor"]
[Date "2014.07.10"]
[Round "3"]
[White "Szalai, Krisztian"]
[Black "Kurcsics, Erika"]
[Result "0-1"]
[WhiteElo "1707"]
[BlackElo "1833"]
[PlyCount "104"]
[EventDate "2014.07.09"]
[EventType "swiss"]
[EventRounds "9"]
[EventCountry "HUN"]
[SourceTitle "EXT 2016"]
[Source "ChessBase"]
[SourceDate "2015.10.08"]
[SourceVersion "1"]
[SourceVersionDate "2015.10.08"]
[SourceQuality "1"]

1. e4 c5 2. g3 g6 3. Bg2 Nc6 4. Nf3 Bg7 5. d3 Nf6 6. 0-0 0-0 7. h3 d5 8. exd5 Nxd5 9. Nbd2 b6 10. Nc4 Bb7 11. Rb1 Nd4 12. Nxd4 Bxd4 13. Ne3 Nxe3 14. Bxe3 Bxg2 15. Kxg2 Qd5+ 16. Qf3 Qxa2 17. Bxd4 cxd4 18. Qe4 Rfc8 19. c3 dxc3 20. bxc3 e6 21. c4 Qa4 22. Rfc1 Qc6 23. f3 Qxe4 24. fxe4 Rd8 25. Rc3 Rd7 26. Kf3 e5 27. g4 Kg7 28. Rb5 Re7 29. Ra3 Rf8 30. Rb1 f5 31. gxf5 gxf5 32. Rg1+ Kh6 33. exf5 Rxf5+ 34. Ke3 Ref7 35. Ke4 Rh5 36. Rg3 Re7 37. Rb3 Rh4+ 38. Ke3 Rf4 39. Rb4 Rf6 40. Ke4 Rf4+ 41. Ke3 Rf1 42. Ke4 Re1+ 43. Re3 Rxe3+ 44. Kxe3 Kg5 45. Ke4 Kf6 46. Rb1 Rd7 47. Rb5 Rd4+ 48. Ke3 Rh4 49. Rd5 Rxh3+ 50. Ke4 Rh4+ 51. Kf3 Ke6 52. Kg3 Rd4 0-1

[Event "Komarom Esztergom County-chT"]
[Site "Hungary"]
[Date "2013.02.10"]
[Round "6.8"]
[White "Javor, Tamas"]
[Black "Szalai, Krisztian"]
[Result "1/2-1/2"]
[WhiteElo "1884"]
[BlackElo "1689"]
[PlyCount "46"]
[EventDate "2012.09.29"]
[EventType "team-tourn"]
[EventRounds "10"]
[EventCountry "HUN"]
[SourceTitle "EXT 2014"]
[Source "ChessBase"]
[SourceDate "2013.11.20"]
[SourceVersion "1"]
[SourceVersionDate "2013.11.20"]
[SourceQuality "1"]
[WhiteTeam "Tata Naszaly"]
[BlackTeam "Acsi Kinizsi SC"]
[WhiteTeamCountry "HUN"]
[BlackTeamCountry "HUN"]

1. d4 Nf6 2. c4 g6 3. Nc3 Bg7 4. Nf3 0-0 5. e4 d6 6. Be2 Nbd7 7. 0-0 e5 8. dxe5 Nxe5 9. Nxe5 dxe5 10. Bg5 Be6 11. Qc2 h6 12. Bh4 g5 13. Bg3 Nd7 14. Rad1 c6 15. f3 h5 16. Bf2 Qe8 17. Rd6 Bf6 18. Rfd1 Be7 19. R6d2 f6 20. a3 a5 21. Na4 Kg7 22. Nb6 Nxb6 23. Bxb6 c5 1/2-1/2

[Event "Komarom Esztergom County-chT"]
[Site "Hungary"]
[Date "2012.12.16"]
[Round "4.9"]
[White "Kulhanek, Jozsef"]
[Black "Szalai, Krisztian"]
[Result "0-1"]
[WhiteElo "1645"]
[BlackElo "1689"]
[PlyCount "28"]
[EventDate "2012.09.29"]
[EventType "team-tourn"]
[EventRounds "10"]
[EventCountry "HUN"]
[SourceTitle "EXT 2014"]
[Source "ChessBase"]
[SourceDate "2013.11.20"]
[SourceVersion "1"]
[SourceVersionDate "2013.11.20"]
[SourceQuality "1"]
[WhiteTeam "Koernyei SE"]
[BlackTeam "Acsi Kinizsi SC"]
[WhiteTeamCountry "HUN"]
[BlackTeamCountry "HUN"]

1. e4 d6 2. d4 Nf6 3. Nc3 g6 4. Bg5 Bg7 5. Bb5+ c6 6. Bc4 b5 7. Bb3 Nbd7 8. d5 c5 9. Nxb5 Nxe4 10. Bxe7 Qa5+ 11. Nc3 Bxc3+ 12. bxc3 Qxc3+ 13. Kf1 Nd2+ 14. Ke2 Ba6+ 0-1

[Event "Budapest op 08"]
[Site "Budapest"]
[Date "2012.08.22"]
[Round "6"]
[White "Ruck, Robert1111"]
[Black "Szalai, Krisztian"]
[Result "1-0"]
[WhiteElo "2009"]
[BlackElo "1710"]
[PlyCount "61"]
[EventDate "2012.08.18"]
[EventType "swiss"]
[EventRounds "9"]
[EventCountry "HUN"]
[SourceTitle "EXT 2014"]
[Source "ChessBase"]
[SourceDate "2013.11.20"]
[SourceVersion "1"]
[SourceVersionDate "2013.11.20"]
[SourceQuality "1"]

1. e4 d6 2. d4 Nf6 3. Nc3 g6 4. f3 Bg7 5. Be3 0-0 6. Qd2 e5 7. 0-0-0 exd4 8. Bxd4 Nc6 9. Be3 Re8 10. Nge2 h5 11. Nf4 a6 12. Nfd5 Ne5 13. h3 Ned7 14. Bg5 Nf8 15. g4 hxg4 16. hxg4 N8h7 17. Bh6 Bh8 18. Bc4 Be6 19. Bf4 Bg7 20. Qh2 Bxd5 21. Nxd5 Nf8 22. Bh6 Bxh6+ 23. Qxh6 N6h7 24. g5 Re6 25. f4 c6 26. Nc3 Re8 27. e5 d5 28. Ne4 Re6 29. Nf6+ Rxf6 30. gxf6 Qb6 31. Qg7# 1-0

[Event "Budapest op 08"]
[Site "Budapest"]
[Date "2012.08.19"]
[Round "2"]
[White "Indig, Akos"]
[Black "Szalai, Krisztian"]
[Result "1-0"]
[WhiteElo "1349"]
[BlackElo "1710"]
[PlyCount "57"]
[EventDate "2012.08.18"]
[EventType "swiss"]
[EventRounds "9"]
[EventCountry "HUN"]
[SourceTitle "EXT 2014"]
[Source "ChessBase"]
[SourceDate "2013.11.20"]
[SourceVersion "1"]
[SourceVersionDate "2013.11.20"]
[SourceQuality "1"]

1. e4 d6 2. Nf3 Nf6 3. Nc3 g6 4. d4 Bg7 5. Be2 0-0 6. Bg5 Re8 7. Qd2 Nbd7 8. 0-0-0 c5 9. d5 a6 10. Bh6 Bh8 11. h4 Ng4 12. Rdf1 Nxh6 13. Qxh6 Bg7 14. Qg5 h6 15. Qg3 Nf6 16. Nd2 h5 17. f4 b5 18. f5 Kh7 19. fxg6+ fxg6 20. Nf3 b4 21. Nd1 Nxe4 22. Ng5+ Nxg5 23. Qxg5 Rf8 24. Bd3 Qe8 25. Qxh5+ Bh6+ 26. Kb1 Rxf1 27. Rxf1 Kg7 28. Qf3 Bd7 29. g4 1-0

[Event "Kisber op"]
[Site "Kisber"]
[Date "2011.07.23"]
[Round "4"]
[White "Szalai, Krisztian"]
[Black "Kovacs, David"]
[Result "0-1"]
[WhiteElo "1724"]
[BlackElo "2174"]
[PlyCount "74"]
[EventDate "2011.07.21"]
[EventType "swiss"]
[EventRounds "7"]
[EventCountry "HUN"]
[SourceTitle "EXT 2012"]
[Source "ChessBase"]
[SourceDate "2011.11.24"]
[SourceVersion "1"]
[SourceVersionDate "2011.11.24"]
[SourceQuality "1"]

1. e4 c5 2. Nf3 Nc6 3. d4 cxd4 4. Nxd4 Nf6 5. Nc3 e5 6. Nb3 Bb4 7. Bd2 Bxc3 8. Bxc3 Nxe4 9. Bxe5 Qe7 10. f4 Nxe5 11. fxe5 Qh4+ 12. Ke2 Ng3+ 13. hxg3 Qxh1 14. Qd6 Qh5+ 15. Ke1 Qg6 16. Qd3 0-0 17. Kf2 Qxd3 18. Bxd3 Re8 19. Re1 b6 20. Be4 Rb8 21. Bf3 Bb7 22. Nd4 f6 23. exf6 Rxe1 24. Kxe1 Bxf3 25. gxf3 gxf6 26. Nb5 a6 27. Nd6 Kf8 28. Kd2 Ke7 29. Nc4 b5 30. Ne3 Ke6 31. c3 h5 32. Ng2 Kf5 33. Ne3+ Ke5 34. b3 Rg8 35. g4 h4 36. Nf1 Kf4 37. Ke2 Rc8 0-1

[Event "Kisber op"]
[Site "Kisber"]
[Date "2011.07.21"]
[Round "1"]
[White "Boguszlavszkij, Jevgenyij"]
[Black "Szalai, Krisztian"]
[Result "1-0"]
[WhiteElo "2212"]
[BlackElo "1724"]
[PlyCount "51"]
[EventDate "2011.07.21"]
[EventType "swiss"]
[EventRounds "7"]
[EventCountry "HUN"]
[SourceTitle "EXT 2012"]
[Source "ChessBase"]
[SourceDate "2011.11.24"]
[SourceVersion "1"]
[SourceVersionDate "2011.11.24"]
[SourceQuality "1"]

1. d4 Nf6 2. Nc3 d5 3. Bf4 e6 4. Nf3 Bd6 5. Qd2 a6 6. 0-0-0 Nbd7 7. Ne5 Nh5 8. g3 Qf6 9. Bg5 Qf5 10. g4 Qxf2 11. gxh5 Nxe5 12. dxe5 Bxe5 13. Bh3 Qb6 14. Bf4 Bf6 15. e4 d4 16. Ne2 e5 17. Bxc8 Rxc8 18. Bg5 c5 19. Bxf6 Qxf6 20. Rdf1 Qe6 21. Qa5 Qc4 22. Ng3 d3 23. Rf2 Qd4 24. Rhf1 c4 25. Nf5 Qd7 26. Qxe5+ 1-0

[Event "Gyor op 2nd"]
[Site "Gyor"]
[Date "2011.07.13"]
[Round "1"]
[White "Szalai, Krisztian"]
[Black "Horvath, Imre"]
[Result "0-1"]
[WhiteElo "1724"]
[BlackElo "2271"]
[PlyCount "102"]
[EventDate "2011.07.13"]
[EventType "swiss"]
[EventRounds "9"]
[EventCountry "HUN"]
[SourceTitle "EXT 2017"]
[Source "ChessBase"]
[SourceDate "2016.10.25"]
[SourceVersion "1"]
[SourceVersionDate "2016.10.25"]
[SourceQuality "1"]

1. e4 c5 2. Nf3 e6 3. d4 cxd4 4. Nxd4 Nf6 5. Nc3 Bb4 6. Ndb5 d5 7. a3 Bxc3+ 8. Nxc3 d4 9. e5 dxc3 10. Qxd8+ Kxd8 11. exf6 gxf6 12. Bd3 Nc6 13. 0-0 b6 14. bxc3 Bb7 15. Be4 Kc7 16. Bf4+ Ne5 17. Rfe1 Rac8 18. Bxe5+ fxe5 19. Bd3 Kd6 20. c4 Rc5 21. f3 h5 22. Kf2 h4 23. Rab1 Ba6 24. Rb4 Bb7 25. Rb5 f6 26. Reb1 Bc6 27. Rxc5 Kxc5 28. Rd1 Rd8 29. h3 Rd4 30. c3 Rd8 31. Ke3 f5 32. Re1 Ba4 33. Rb1 Rg8 34. Rb2 e4 35. Be2 Rxg2 36. fxe4 Rg3+ 37. Kf4 Rxh3 38. exf5 exf5 39. Kxf5 Rxc3 40. Kg4 h3 41. Bf1 Rxa3 42. Rh2 Bd7+ 43. Kh4 Rf3 44. Be2 Re3 45. Bf1 a5 46. Kg5 a4 47. Kf4 Rc3 48. Ke5 a3 49. Rd2 Bc6 50. Rh2 Re3+ 51. Kf4 Rf3+ 0-1

[Event "HUN-chT2 Breyer 1011"]
[Site "Hungary"]
[Date "2011.04.17"]
[Round "9.12"]
[White "Szalai, Krisztian"]
[Black "Labancz, Janos"]
[Result "1/2-1/2"]
[WhiteElo "1704"]
[BlackElo "1632"]
[PlyCount "85"]
[EventDate "2010.09.12"]
[EventType "team-tourn"]
[EventRounds "11"]
[EventCountry "HUN"]
[SourceTitle "EXT 2012"]
[Source "ChessBase"]
[SourceDate "2011.11.24"]
[SourceVersion "1"]
[SourceVersionDate "2011.11.24"]
[SourceQuality "1"]
[WhiteTeam "Gyor Komszomol"]
[BlackTeam "Biatorbagy"]
[WhiteTeamCountry "HUN"]
[BlackTeamCountry "HUN"]

1. e4 e6 2. d4 d5 3. Nc3 Nf6 4. Bg5 Be7 5. Qf3 Nxe4 6. Bxe7 Qxe7 7. Nxe4 dxe4 8. Qb3 c6 9. Ne2 Qd6 10. a3 b6 11. Rd1 0-0 12. Ng3 Qf4 13. Qe3 Qxe3+ 14. fxe3 f5 15. Bc4 Kh8 16. Rf1 Na6 17. Nxe4 Nc7 18. Ng5 h6 19. Nh3 Nd5 20. Ke2 Bd7 21. Nf4 Kh7 22. Bd3 g5 23. Nxd5 cxd5 24. Rc1 b5 25. b3 Rae8 26. g4 h5 27. gxf5 exf5 28. c4 dxc4 29. bxc4 bxc4 30. Rxc4 Kh6 31. Rc7 Re7 32. Kd2 Kg6 33. Rxa7 g4 34. e4 Ref7 35. exf5+ Bxf5 36. Rxf7 Rxf7 37. Bxf5+ Rxf5 38. Rxf5 Kxf5 39. Ke2 Ke4 40. a4 Kxd4 41. a5 Kc5 42. Kf2 h4 43. Ke3 1/2-1/2